000 00467nam a2200157Ia 4500
008 240729s9999 xx 000 0 und d
022 _a2656-9825
245 0 _aIndonesian Journal of Medical Laboratory Science and Technology
260 _aIndonesia
260 _bUniversitas Nahdlatul Ulama Surabaya
650 _a Medicine (General)
650 _aMedicine
856 _uhttps://doaj.org/toc/8603637a1a1b4deeb85a3eaa2d6d3e74
942 _2ddc
942 _cDOAJEJ
999 _c67303
_d67303
945 _a1
_bMadushi Gamage
_c1
_dMadushi Gamage